| 000 | 00612nam a22001937a 4500 | ||
|---|---|---|---|
| 005 | 2010072804404.0 | ||
| 010 | _aENG-97196 | ||
| 020 |
_a9789380017174 _c80.00 |
||
| 035 | _aEN-80729 | ||
| 037 | _bDBAD/PUB | ||
| 082 | _a519 | ||
| 100 |
_aSivasakthi, K _91987 |
||
| 245 |
_aMathematical Satatistics-II / _cby K. Sivasakthi |
||
| 260 |
_aChennai _bToday Publishers _c2008 |
||
| 270 |
_a192 Bells Road _bChennai _e600005 |
||
| 300 |
_a108 p. _c20 cm.(pbk) |
||
| 942 |
_2ddc _cEN _h519 _mSIV |
||
| 999 |
_c38010 _d38010 |
||